LDR 00984naa#a2200181#i#450# 001 RU\\bibl\94712 005 20260605171626.5 011 ## _a2312-7937 100 ## _a20241230b2024####ek#y0rusy0150####ca 102 ## _aRU 200 1# _aМЕДИКО-ПСИХОЛОГИЧЕСКАЯ РЕАБИЛИТАЦИЯ СОТРУДНИКОВ ОРГАНОВ ВНУТРЕННИХ ДЕЛ: СОВРЕМЕННОЕ ПРАВОВОЕ ОБЕСПЕЧЕНИЕ _eЖурнальная статья 210 1# _aДомодедово _cВсероссийский институт повышения квалификации сотрудников Министерства внутренних дел Российской Федерации _d2024 215 ## _a10 с. 608 ## _aЖурнальная статья _2local 675 ## _aПраво. Юридические науки. 34 _z 700 #1 _aЗаяев _gЕгор Дмитриевич 700 #1 _aЖогов _gНикита Геннадьевич 856 4# _avipkmvd.editorum.ru _u